000 00758nam a2200253Ia 4500
003 OSt
005 20220926021018.0
006 a|||||r|||| 00| 0
007 ta
008 220923b |||||||| |||| 00| 0 eng d
037 _cGeneral Book
040 _aRTL
_cRTL
_beng
041 _2eng
_aeng
082 _aSigma b4, L6
100 _aNachmias David
_991782
245 0 _aResearch methods in the social sciences
260 _aNew York
_bSt. Martin's Press USA
_c1976
300 _ax, 335p.
_ccm.
500 _aBibliography chapterwise,; Appendix P 301-15
650 _aSocial Science
_911018
700 _a Nachmias Chava
_991783
942 _hSigma b4, L6
_cGB
_2CC
999 _c635473
_d635473